000 00476nam a2200157 4500
001 107017
003 ES-MaACL
005 20230906184329.0
007 t|
008 061121s1978 sp r ||||1| spa d
100 1 _aMoreta, Salustiano.
_983477
245 1 0 _aMalhechores feudales
_b: violencia, antagonismos y alianzas de clases en Castilla , siglos XIII-XIV.
260 _aMadrid :
_bCátedra,
_c1978.
300 _a199 p. ;
_c21 cm.
852 _aES-MaACL
_jA-8442
_bR.97590
999 _c107017
_d107017